000 00728nam0a22002531 4500
001 rc\428840
005 20250621082520.0
010 _a5-85510-008-1
_95000
035 _a(NLR Aleph) 005675676
090 _a7021220
_c7021220
100 _a20030616d1988 |||y0rusy50 ca
101 0 _arus
102 _aRU
105 _ay |||||||||
200 1 _aКоктейли приготовляются так...
210 _aМурманск
_cКн. изд-во
_d1988
215 _a44, [3] с.
_d17
300 _aЗагл. 2-го изд.: Коктейли
700 1 _aЖаднов
_bИ.И.
_gИван Иванович
801 0 _aRU
_bNLR
_gpsbo
801 1 _aRU
_bELAR
_2rusmarc
852 _aNLR
_j88-2/476
942 _cBOOK
980 _aNB